Electrical Machines : Theory and Performance (Record no. 168465)

MARC details
000 -LEADER
fixed length control field 00475nam a2200193Ia 4500
008 - FIXED-LENGTH DATA ELEMENTS--GENERAL INFORMATION
fixed length control field 240823s9999||||xx |||||||||||||| ||und||
020 ## - INTERNATIONAL STANDARD BOOK NUMBER
International Standard Book Number 81-85749-15-9
082 ## - DEWEY DECIMAL CLASSIFICATION NUMBER
-- 621.31042 P5
100 ## - MAIN ENTRY--PERSONAL NAME
Personal name Gupta J B
245 #0 - TITLE STATEMENT
Title Electrical Machines : Theory and Performance
250 ## - EDITION STATEMENT
Edition statement 13th
260 ## - PUBLICATION, DISTRIBUTION, ETC. (IMPRINT)
Date of publication, distribution, etc 2005
Name of publisher, distributor, etc "Kataria S K,"
Place of publication, distribution, etc Delhi
500 ## - GENERAL NOTE
General note YES
650 ## - SUBJECT ADDED ENTRY--TOPICAL TERM
Topical term or geographic name as entry element Machine
942 ## - ADDED ENTRY ELEMENTS (KOHA)
Item type Books
Holdings
Withdrawn status Lost status Damaged status Permanent location Current location Date acquired Source of acquisition Cost, normal purchase price Full call number Barcode Date last seen Koha item type
      CENTRAL LIBRARY, NOORUL ISLAM CENTRE FOR HIGHER EDUCATION CENTRAL LIBRARY, NOORUL ISLAM CENTRE FOR HIGHER EDUCATION 01/08/2005 Higginbothams Private Ltd 290.00 621.31042 P5 22885 08/23/2024 Books
Visitors:
Copyright © 2024 Central Library NICHE.  All rights reserved.